000 00836cam a2200229 a 4500
001 3575669
005 20180315093351.0
008 990317s2000 maua b 001 0 eng
010 _a 99024416
020 _a0072295872 (alk. paper)
040 _aDLC
_cDLC
_dDLC
041 _aeng
080 _a658.4 JAM
082 0 0 _a658.4 JAM
_221
100 1 _a52
101 _aBNJ
245 1 0 _aOrganizations :
_cJames L. Gibson, John M. Ivancevich, James H. Donnelly, Jr.
504 _aIncludes bibliographical references (p. [482]-509) and indexes.
906 _a7
_bcbc
_corignew
_d1
_eocip
_f19
_gy-gencatlg
942 _2ddc
_cBK
999 _c45170
_d45170